| 000 | 00956cam a22003253a 4500 | ||
|---|---|---|---|
| 001 | 17676 | ||
| 003 | PGUSA | ||
| 005 | 20140828083357.0 | ||
| 008 | 060204s2006||||xxu|||||s|||||000 1 eng d | ||
| 040 |
_aPGUSA _beng |
||
| 042 | _adc | ||
| 050 | 4 | _aPR | |
| 100 | 1 |
_aDickens, Charles, _d1812-1870 |
|
| 245 | 1 | 0 |
_aLe magasin d'antiquités, Tome II _h[electronic resource] / _cCharles Dickens |
| 260 |
_bProject Gutenberg, _c2006 |
||
| 506 | _aPublic domain in the USA. | ||
| 516 | _aElectronic text | ||
| 653 | _aGamblers -- Fiction | ||
| 653 | _aDomestic fiction | ||
| 653 | _aAntique dealers -- Fiction | ||
| 653 | _aGirls -- Fiction | ||
| 653 | _aGrandfathers -- Fiction | ||
| 653 | _aDidactic fiction | ||
| 653 | _aEngland -- Fiction | ||
| 653 | _aGrandparent and child -- Fiction | ||
| 700 | 1 |
_aDes Essarts, Alfred, _d1811-1893 |
|
| 830 | 0 |
_aProject Gutenberg _v17676 |
|
| 856 | 4 | 0 | _uhttp://www.gutenberg.org/ebooks/17676 |
| 942 | _cEB | ||
| 999 |
_c246931 _d246931 |
||